• 首页
  • 本馆介绍
  • 公告通知
  • 最新文献
  • 馆藏检索
  • 电子资源
  • 读者导购
  • 参考咨询
  • 我的图书馆
  • 登录
  • 详细信息显示
  • 放入我的书架
  • 预约/预借图书
  • 作者相关作品
  • 分类相关作品
  • 丛书相关作品
  • 出版社相关作品

书目信息

  • 表格格式
  • 工作单格式
  • 卡片格式
题名:
中国昆虫记
    
 
作者: 李元胜 文字、摄影
分册: 1  
出版信息: 上海   上海社会科学院出版社  2004
页数: 177页
开本: 23cm
丛书名: 小娇娇系列昆虫读本
单 册:
中图分类: Q96-49
科图分类:
主题词: 昆虫--中国--普及读物 , 昆虫
电子资源:
ISBN: 7-80681-359-4
000 00969oam2 2200265 450
001 002679814
005 20070803144620.39
010    @a7-80681-359-4@dCNY45.00
100    @a20040712d2004 em y0chiy0110 ea
101 0  @achi
102    @aCN@b310000
105    @aa z 000cy
200 1  @a中国昆虫记@9zhong guo kun chong ji@h1@e一个诗人镜头里的昆虫丽影@b专著@f李元胜文字、摄影
210    @a上海@c上海社会科学院出版社@d2004
215    @a177页@c彩照@d23cm
225 2  @a小娇娇系列昆虫读本@v1
330    @a本书是中国大陆的第一本昆虫美文图集,全书集田野考查、科普知识与地域风情为一体,讲述了作者的拍摄生活,展示了他令人惊叹的昆虫摄影精品。
461  0 @12001 @a小娇娇系列昆虫读本@v1
517 1  @a一个诗人镜头里的昆虫丽影@9yi ge shi ren jing tou li de kun chong li ying
606 0  @a昆虫@y中国@j普及读物
606 0  @a昆虫
690    @aQ96-49@v4
701  0 @a李元胜@9li yuan sheng@f(1963~)@4文字、摄影
801  0 @aCN@bNLC@c20070803
905    @a10447@dQ96-49@e21:1
    
    中国昆虫记.1:一个诗人镜头里的昆虫丽影/李元胜文字、摄影.-上海:上海社会科学院出版社,2004
    177页:彩照;23cm.-(小娇娇系列昆虫读本;1)
    
    
    ISBN 7-80681-359-4:CNY45.00
    本书是中国大陆的第一本昆虫美文图集,全书集田野考查、科普知识与地域风情为一体,讲述了作者的拍摄生活,展示了他令人惊叹的昆虫摄影精品。
●
相关链接 在E读中查询图书 在五车中查询图书 在当当中查询图书 在豆瓣中查询图书


正题名:中国昆虫记     索取号:Q96-49/21:1         预约/预借

序号 登录号 条形码 馆藏地/架位号 状态 备注
1 0801935   208019357   第二样本阅览室/ [索取号:Q96-49/21:1] 在馆    
2 0801936   208019366   第三借阅区/ [索取号:Q96-49/21:1] 在馆    
3 0801937   208019375   第三借阅区/ [索取号:Q96-49/21:1] 在馆    
4 0801938   208019384   第三借阅区/ [索取号:Q96-49/21:1] 在馆    
5 0801939   208019393   第三借阅区/ [索取号:Q96-49/21:1] 在馆    
6 0801940   208019400   第三借阅区/ [索取号:Q96-49/21:1] 在馆    
7 0801941   208019419   第三借阅区/ [索取号:Q96-49/21:1] 在馆    
8 0801942   208019428   第三借阅区/ [索取号:Q96-49/21:1] 在馆    
9 0801943   208019437   第三借阅区/ [索取号:Q96-49/21:1] 在馆    
10 0801944   208019446   第三借阅区/ [索取号:Q96-49/21:1] 在馆    
唐山师范学院图书馆 欢迎您!
大连网信软件有限公司© 版权所有